00691nam a2200205Ia 4500003000900000008004100009020001600050040001600066080001800082100002500100245006800125260003300193300001700226650004100243650001600284700002900300942000700329999001500336952013400351IN-BaIIA211028s9999 xx 000 0 eng d a08-013526-9 cIIA Library a524.1-52bGIN aGinzburg, V. L94051 4aThe origin of cosmic rayscV. L. Ginzburg and S. I. Syrovatskii aOxfordbPergamon Pressc1964 axviii, 425p. aAstronomy and astrophysics thesaurus aCosmic rays aSyrovatskii, S. I.96823 cBK c4287d4287 00104070aBANbBANcGENd1973-09-10g54.00l2m2o524.1-52/ GINp4786r2023-03-20s2023-03-20v54.00w1973-09-10yBKGRs. 54.00